logo

Bir Sreshtho Munshi Abdur Rouf Library
Jhenaidah Cadet College

Principles of genetics / (Record no. 7690)

MARC details
000 -LEADER
fixed length control field 01089nam a2200349 a 4500
001 - CONTROL NUMBER
JCCL Control Number 7690
003 - CONTROL NUMBER IDENTIFIER
JCCL marc code BD-JhCC
005 - DATE AND TIME OF LATEST TRANSACTION
control field 20180418171522.0
008 - FIXED-LENGTH DATA ELEMENTS--GENERAL INFORMATION
fixed length control field 730515s1958 nyua 001 0 eng d
035 ## - SYSTEM CONTROL NUMBER
system control number (BD-JhCC)7690
035 ## - SYSTEM CONTROL NUMBER
system control number (OCoLC)00549931
035 ## - SYSTEM CONTROL NUMBER
system control number GLIS00349180
040 ## - CATALOGING SOURCE
Original cataloging agency BD-JhCC
Transcribing agency DLC
Modifying agency BD-JhCC
-- MYG
041 ## - LANGUAGE CODE
Language code of Book eng
050 0# - LIBRARY OF CONGRESS CALL NUMBER
Classification number QH431
Item number .S65 1958
082 ## - DEWEY DECIMAL CLASSIFICATION NUMBER
Classification number 576.5
Author mark and Year SIN 1958
099 ## - LOCAL FREE-TEXT CALL NUMBER
Classification number QH431.S65 1958
100 1# - MAIN ENTRY--PERSONAL NAME
Personal name Sinnott, Edmund W.
Fuller form of name (Edmund Ware),
Dates associated with a name 1888-1958.
245 10 - TITLE STATEMENT
Title Principles of genetics /
Statement of responsibility, etc [by] Edmund W. Sinnott, L. C. Dunn [and] Theodosius Dobzhansky.
250 ## - EDITION STATEMENT
Edition statement 5th ed.
260 ## - PUBLICATION, DISTRIBUTION, ETC. (IMPRINT)
Place of publication, distribution, etc New York,
Name of publisher, distributor, etc McGraw-Hill,
Date of publication, distribution, etc 1958.
300 ## - PHYSICAL DESCRIPTION
Pagination 459 p.
Other physical details illus.
Dimensions 26 cm.
490 1# - SERIES STATEMENT
Series statement McGraw-Hill publications in the botanical sciences
504 ## - BIBLIOGRAPHY, ETC. NOTE
Bibliography, etc Includes Index and Bibliography
650 #0 - SUBJECT ADDED ENTRY--TOPICAL TERM
Topical term or geographic name as entry element Genetics.
650 #0 - SUBJECT ADDED ENTRY--TOPICAL TERM
Topical term or geographic name as entry element Variation (Biology)
650 #0 - SUBJECT ADDED ENTRY--TOPICAL TERM
Topical term or geographic name as entry element Eugenics.
830 #0 - SERIES ADDED ENTRY--UNIFORM TITLE
Uniform title McGraw-Hill publications in the botanical sciences.
942 ## - ADDED ENTRY ELEMENTS (KOHA)
Source of classification or shelving scheme Dewey Decimal Classification
Koha item type Books
949 ## - LOCAL PROCESSING INFORMATION (OCLC)
a MYGS
b 39080004955156
Holdings
Source of classification or shelving scheme Damaged status Not for loan Home library Current library Shelving location Date of accession Total Checkouts Full call number Barcode Date last seen Copy number Koha item type
Dewey Decimal Classification     JCC Rouf Library JCC Rouf Library General Stacks 02/13/2018   576.5 SIN 1958 10249 02/13/2018 C-1 Books

JCC Library | Contacts | JCC Home

Last Update on 23 September 2017
Copyright @ 2017-2020 JCC Rouf Library
Rouf Library, Jhenidah Cadet College (JCC), Bangladesh